100 Alien Invasion Movies - Statistics

General Stats
  • This quiz has been taken 58 times
  • The average score is 18 of 100
Answer Stats
Year Answer Hint % Correct
1996 Independence Day Bill Pullman
82%
2005 War of the Worlds Dakota Fanning
77%
1953 War of the Worlds H.G. Wells
77%
2007 Transformers Shia LeBeouf
68%
2011 The Thing Mary Elizabeth Winstead
59%
1982 The Thing John Carpenter
59%
1996 Mars Attacks! Jack Nicholson
55%
2012 The Avengers Chris Hemsworth
55%
2007 The Invasion Nicole Kidman
55%
1978 Invasion of the Body Snatchers Leonard Nimoy
50%
1956 Invasion of the Body Snatchers The original pod people.
50%
2008 The Day the Earth Stood Still Keanu Reeves
45%
1951 The Day the Earth Stood Still Klaatu barada nikto
45%
2018 A Quiet Place John Krasinski
41%
2013 Man of Steel Henry Cavill
41%
2019 Avengers: Endgame Josh Brolin
39%
2015 Pixels Adam Sandler
39%
2008 Cloverfield Headless Statue of Liberty
36%
1996 The Arrival Charlie Sheen
36%
2018 Avengers: Infinity War Chris Evans
34%
2002 Signs Joaquin Phoenix
34%
2016 Arrival Amy Adams
32%
2012 Battleship Rihanna
32%
2014 Edge of Tomorrow Tom Cruise
32%
2017 Justice League Jason Momoa
30%
2018 Bumblebee Hailee Steinfeld
27%
2016 Independence Day: Resurgence Jeff Goldblum
27%
2012 Men in Black 3 Emma Thompson
27%
2020 A Quiet Place 2 Emily Blunt
25%
2009 Monsters vs. Aliens Reese Witherspoon
23%
2013 The World's End Simon Pegg
23%
2011 Battle: Los Angeles Michele Rodriguez
20%
2011 Cowboys & Aliens Daniel Craig
20%
1998 The Faculty Josh Hartnett
20%
1988 They Live Roddy Piper
20%
1957 Plan 9 from Outer Space Ed Wood
18%
2021 The Tomorrow War Chris Pratt
18%
2009 Transformers: Revenge of the Fallen Josh Duhamel
18%
2017 Transformers: The Last Knight Mark Wahlberg
18%
2018 Annihilation Natalie Portman
16%
2016 The 5th Wave Chloe Grace Moretz
16%
1951 The Thing from Another World Carpenter later remade it.
16%
2011 Attack the Block Nick Frost
14%
2002 Men in Black II Tommy Lee Jones
14%
2010 Skyline Eric Balfour
14%
2007 The Mist Thomas Jane
14%
2011 Transformers: Dark of the Moon Megan Foxx
14%
1986 Critters Leonardo DiCaprio
11%
2001 Evolution David Duchovny
11%
2005 Hitchhiker's Guide to the Galaxy Zooey Deschanel
11%
2017 Life Ryan Reynolds
11%
2011 Super 8 Kyle Chandler
11%
1980 Superman II Christopher Reeve
11%
2012 The Watch Jonah HIll
11%
1993 Body Snatchers Gabrielle Anwar
9%
2007 Fantastic Four: Rise of the Silver Surfer Jessica Alba
9%
1986 Howard the Duck Lea Thompson
9%
1953 It Came from Outer Space Richard Carlson
9%
2006 Scary Movie 4 Anna Faris
9%
2005 Chicken Little Zach Braff
7%
2003 Dreamcatcher Morgan Freeman
7%
2006 Slither Nathan Fillion
7%
2011 The Darkest Hour Emile Hirsch
7%
2017 Beyond Skyline Frank Grillo
5%
1988 Killer Klowns from Outer Space Whiteface & red noses
5%
2013 The Host Stephanie Meyer
5%
1994 The Puppet Masters Donald Sutherland
5%
1986 Invaders from Mars Karen Black
2%
1953 Invaders from Mars Leif Erickson
2%
1963 Invasion of the Triffids Invasive plants
2%
2020 Jiu Jitsu Nicolas Cage
2%
1985 Lifeforce Patrick Stewart
2%
2019 Men In Black: International Chris Pine
2%
2019 Rim of the World Annabeth Gish
2%
1984 The Adventures of Buckaroo Banzai Across the 8th Dimension Peter Weller
2%
1999 Virus Jamie Lee Curtis
2%
2007 Alien Agent Mark Dacascos
0%
2021 Alien Conquest Tom Sizemore
0%
2014 Alien Outpost Adrian Paul
0%
2018 Alien Siege Caroline Harris
0%
1998 Arrival II Patrick Muldoon
0%
2019 Assimilate Joel Courtney
0%
2017 Before We Vanish Masami Nagasama
0%
2017 Devil's Gate Shawn Ashmore
0%
2012 Grabbers Russell Tovey
0%
1957 Invasion of the Saucer Men Frank Gorshin
0%
2019 Invasion Planet Earth Simon Haycock
0%
1997 Laserhawk Mark Hamill
0%
1938 Mars Attacks the World Buster Crabbe
0%
2018 Occupation Dan Ewing
0%
2002 Returner Anne Suzuki
0%
2017 Revolt Lee Pace
0%
2020 Save Yourselves! John Reynolds
0%
2019 Space Ninjas Dirk Benedict
0%
1983 Strange Invaders Nancy Allen
0%
2002 Terminal Invasion Bruce Campbell
0%
1962 The Day Mars Invaded Earth Planetary probe provokes invasion
0%
2017 The Recall Wesley Snipes
0%
1993 Time Runner Mark Hamill
0%
2020 We Can Be Heroes Robert Rodriguez
0%
No matching quizzes found
Score Distribution
Percent of People with Each Score
Percentile by Number Answered
Your Score History
You have not taken this quiz